[Event "Oberliga Ost-A 1819"]
[Site "Germany"]
[Date "2019.04.07"]
[Round "11.6"]
[White "Schuster, Martin"]
[Black "Richter, Philipp2"]
[Result "1-0"]
[WhiteElo "2203"]
[BlackElo "2015"]
[PlyCount "105"]
[EventDate "2018.10.21"]
[EventType "team-tourn"]
[EventRounds "11"]
[EventCountry "GER"]
[SourceTitle "EXT 2020"]
[Source "ChessBase"]
[SourceDate "2019.10.17"]
[SourceVersion "1"]
[SourceVersionDate "2019.10.17"]
[SourceQuality "1"]
[WhiteTeam "Loeberitz"]
[BlackTeam "Dresden USV TU II"]
[WhiteTeamCountry "GER"]
[BlackTeamCountry "GER"]

1. e4 e6 2. d4 d5 3. Nd2 Nf6 4. e5 Nfd7 5. Bd3 c5 6. c3 Nc6 7. Ne2 cxd4 8. cxd4 f6 9. exf6 Nxf6 10. Nf3 Bd6 11. 0-0 Qc7 12. Bg5 0-0 13. Bh4 Bd7 14. Bg3 Nh5 15. Rc1 Rxf3 16. gxf3 Rf8 17. b4 a6 18. a4 Qb8 19. b5 axb5 20. axb5 Ne7 21. Qc2 g6 22. Bxd6 Qxd6 23. Qc5 Qxc5 24. Rxc5 Rxf3 25. Rd1 Kf7 26. Rc7 Rxd3 27. Rxd3 Bxb5 28. Rf3+ Ke8 29. Re3 Bd7 30. Rxb7 Nf5 31. Ra3 Nf6 32. Raa7 Nd6 33. Rb8+ Ke7 34. Nf4 Nf5 35. Rb4 Nd6 36. Nd3 Nc8 37. Ra6 Ne4 38. Ne5 Ned6 39. Ra8 Kd8 40. Ra3 Be8 41. Rh3 h5 42. Rg3 Nf5 43. Rc3 Ncd6 44. Rb8+ Ke7 45. Rc7+ Kf6 46. f4 Nxd4 47. Rxe8 Ne2+ 48. Kf1 Nxf4 49. Nd7+ Kf5 50. Rf8+ Ke4 51. Nc5+ Ke3 52. Nxe6 Nxe6 53. Re7 1-0

[Event "Oberliga Ost-A 1516"]
[Site "Germany"]
[Date "2016.04.09"]
[Round "10.4"]
[White "Schuster, Martin"]
[Black "Puls, Thomas"]
[Result "0-1"]
[WhiteElo "2231"]
[BlackElo "2179"]
[PlyCount "84"]
[EventDate "2015.09.20"]
[EventType "team-tourn"]
[EventRounds "11"]
[EventCountry "GER"]
[SourceTitle "EXT 2017"]
[Source "ChessBase"]
[SourceDate "2016.10.25"]
[SourceVersion "1"]
[SourceVersionDate "2016.10.25"]
[SourceQuality "1"]
[WhiteTeam "Loeberitz"]
[BlackTeam "Halle Volksbank"]
[WhiteTeamCountry "GER"]
[BlackTeamCountry "GER"]

1. d4 f5 2. g3 Nf6 3. Bg2 e6 4. Nf3 d5 5. 0-0 Bd6 6. c4 c6 7. Nc3 0-0 8. Qc2 Qe8 9. Rb1 Nbd7 10. b4 dxc4 11. Nd2 Nb6 12. e4 e5 13. dxe5 Bxe5 14. Ne2 fxe4 15. Nxe4 Bf5 16. Be3 Qg6 17. f3 Nfd5 18. Bf2 Qh6 19. f4 Bc7 20. Nd4 Bg6 21. Ne6 Bxe4 22. Qxe4 Nc3 23. Qc2 Qxe6 24. Qxc3 Rad8 25. Rfe1 Qf6 26. Qc2 Rd7 27. Bh3 Rd3 28. Rbc1 Kh8 29. Re6 Qd8 30. Rce1 Bxf4 31. gxf4 Rxh3 32. Bc5 Rg8 33. Qf5 Rd3 34. Re7 Rd1 35. Qe5 Rxe1+ 36. Qxe1 Nd5 37. Rxb7 Nxf4 38. Qe4 Qg5+ 39. Kf2 Nd3+ 40. Ke2 Qh5+ 41. Kd2 Qxh2+ 42. Qe2 Qh1 0-1

[Event "Oberliga Ost-A 1516"]
[Site "Germany"]
[Date "2016.01.16"]
[Round "6.4"]
[White "Waechter, Nathalie"]
[Black "Schuster, Martin"]
[Result "0-1"]
[WhiteElo "2009"]
[BlackElo "2231"]
[PlyCount "136"]
[EventDate "2015.09.20"]
[EventType "team-tourn"]
[EventRounds "11"]
[EventCountry "GER"]
[SourceTitle "EXT 2017"]
[Source "ChessBase"]
[SourceDate "2016.10.25"]
[SourceVersion "1"]
[SourceVersionDate "2016.10.25"]
[SourceQuality "1"]
[WhiteTeam "Dessau"]
[BlackTeam "Loeberitz"]
[WhiteTeamCountry "GER"]
[BlackTeamCountry "GER"]

1. d4 Nf6 2. c4 e6 3. Nc3 Bb4 4. Qc2 0-0 5. a3 Bxc3+ 6. bxc3 d5 7. cxd5 exd5 8. Nf3 h6 9. h3 b6 10. e3 Bb7 11. Be2 Nbd7 12. 0-0 c5 13. a4 Qc7 14. Ba3 Rfe8 15. Rfc1 Rac8 16. Qb3 c4 17. Qc2 Ne4 18. Rab1 Bc6 19. Nh4 g6 20. Nf3 Kg7 21. Nd2 Nxd2 22. Qxd2 Bxa4 23. Bg4 f5 24. Bf3 Nf6 25. Ra1 Bc6 26. Ra2 a5 27. Rb1 Rb8 28. Bc1 Rb7 29. e4 dxe4 30. Qxh6+ Kf7 31. Be2 Bd5 32. Bf4 Qd8 33. Be5 Rh8 34. Qe3 b5 35. Rab2 Bc6 36. Bxc4+ Bd5 37. Bxf6 Kxf6 38. Rxb5 Rxb5 39. Bxb5 Qd6 40. Be2 f4 41. Rb6 Qxb6 42. Qxf4+ Kg7 43. Qe5+ Qf6 44. Qxd5 Rf8 45. f3 Qf4 46. Qxe4 Qxe4 47. fxe4 a4 48. d5 Kf6 49. Kf2 Ke5+ 50. Ke3 a3 51. Bc4 Rc8 52. d6 Kxd6 53. Bd5 Rxc3+ 54. Kf4 Rc5 55. Bb3 Rc3 56. Bd5 Rd3 57. Bg8 g5+ 58. Kf5 Rg3 59. Kf6 Rxg2 60. e5+ Kc7 61. Bb3 a2 62. Bxa2 Rxa2 63. Kxg5 Kd7 64. h4 Ke6 65. h5 Rg2+ 66. Kh6 Kxe5 67. Kh7 Kf6 68. h6 Rh2 0-1

[Event "Sachsen-Anhalt-ch 25th"]
[Site "Magdeburg"]
[Date "2015.05.17"]
[Round "7"]
[White "Schuster, Martin"]
[Black "Kahe, Ralph"]
[Result "1-0"]
[WhiteElo "2189"]
[BlackElo "2108"]
[PlyCount "153"]
[EventDate "2015.05.14"]
[EventType "tourn"]
[EventRounds "7"]
[EventCountry "GER"]
[SourceTitle "EXT 2016"]
[Source "ChessBase"]
[SourceDate "2015.10.08"]
[SourceVersion "1"]
[SourceVersionDate "2015.10.08"]
[SourceQuality "1"]

1. d4 Nf6 2. Nf3 g6 3. g3 Bg7 4. Bg2 d6 5. 0-0 0-0 6. c4 Nc6 7. Nc3 a6 8. Qd3 Bf5 9. e4 Bg4 10. Be3 Bxf3 11. Bxf3 Nd7 12. Bg2 e5 13. d5 Nd4 14. Ne2 Nc5 15. Qd2 Nxe2+ 16. Qxe2 a5 17. Rae1 Qd7 18. Qc2 b6 19. b3 Rae8 20. a3 Ra8 21. h4 a4 22. b4 Nb3 23. Kh2 Nd4 24. Qd3 Rae8 25. f4 Qd8 26. Bh3 Nb3 27. f5 Nd4 28. Qd1 f6 29. Qd3 g5 30. hxg5 fxg5 31. Bg4 Bf6 32. Kg2 Re7 33. Rh1 Rg7 34. Rc1 Qe7 35. Qd1 Ra8 36. Rc3 Ra7 37. Qc1 Nb3 38. Qb1 Nd4 39. c5 Ra8 40. cxb6 cxb6 41. Qd3 Qd8 42. Rc4 b5 43. Rc3 Rb8 44. Bxd4 exd4 45. Rc6 Rgb7 46. Rhc1 Kg7 47. Be2 Qe7 48. Qf3 Rh8 49. Bxb5 h5 50. Bd3 h4 51. Rh1 Be5 52. gxh4 Kf7 53. Qg4 Rg8 54. h5 Kg7 55. Rhc1 Kh6 56. b5 Rgb8 57. f6 Qxf6 58. Rf1 Bf4 59. Rc8 Rxc8 60. Qxc8 Re7 61. b6 g4 62. Qf5 Qxf5 63. exf5 Kg5 64. h6 Rh7 65. f6 Rxh6 66. f7 Rh2+ 67. Kg1 Rh8 68. b7 g3 69. Kg2 Kg4 70. Be2+ Kg5 71. Rh1 Rb8 72. Rb1 Kg6 73. f8Q Rxf8 74. b8Q Rxb8 75. Rxb8 Be5 76. Bd3+ Kg5 77. Kf3 1-0

[Event "Sachsen-Anhalt-ch 25th"]
[Site "Magdeburg"]
[Date "2015.05.14"]
[Round "1"]
[White "Schuster, Martin"]
[Black "Goergens, Michael"]
[Result "0-1"]
[WhiteElo "2189"]
[BlackElo "2045"]
[PlyCount "76"]
[EventDate "2015.05.14"]
[EventType "tourn"]
[EventRounds "7"]
[EventCountry "GER"]
[SourceTitle "EXT 2016"]
[Source "ChessBase"]
[SourceDate "2015.10.08"]
[SourceVersion "1"]
[SourceVersionDate "2015.10.08"]
[SourceQuality "1"]

1. d4 Nf6 2. c4 d6 3. Nf3 g6 4. Nc3 Bg7 5. e4 0-0 6. h3 Nc6 7. Bg5 h6 8. Be3 e5 9. d5 Ne7 10. g4 Ne8 11. Rg1 Kh7 12. Bd3 c5 13. Qc2 a6 14. a3 Bd7 15. Nd2 Rh8 16. 0-0-0 Rb8 17. Rdf1 g5 18. h4 f6 19. f4 gxf4 20. Bxf4 Ng6 21. Be3 Nxh4 22. Rh1 Ng6 23. Nf3 Kg8 24. Rfg1 b5 25. Qd2 b4 26. axb4 Rxb4 27. Bxh6 Qa5 28. Bxg7 Rxh1 29. Rxh1 Nxg7 30. g5 Qa1+ 31. Nb1 Nf4 32. Bf1 f5 33. Qh2 Ngh5 34. g6 fxe4 35. Ng5 Bf5 36. Qc2 e3 37. Qxf5 Qxb2+ 38. Kd1 e2+ 0-1

[Event "Oberliga Ost-A 1415"]
[Site "Germany"]
[Date "2015.04.11"]
[Round "10.1"]
[White "Schuster, Martin"]
[Black "Schubert, Thomas"]
[Result "0-1"]
[WhiteElo "2255"]
[BlackElo "2343"]
[PlyCount "64"]
[EventDate "2014.09.21"]
[EventType "team-tourn"]
[EventRounds "11"]
[EventCountry "GER"]
[SourceTitle "EXT 2016"]
[Source "ChessBase"]
[SourceDate "2015.10.08"]
[SourceVersion "1"]
[SourceVersionDate "2015.10.08"]
[SourceQuality "1"]
[WhiteTeam "Loeberitz"]
[BlackTeam "Leipzig SG II"]
[WhiteTeamCountry "GER"]
[BlackTeamCountry "GER"]

1. e4 c6 2. d4 d5 3. Nc3 dxe4 4. Nxe4 Nf6 5. Nxf6+ exf6 6. c3 Bd6 7. Bd3 0-0 8. Ne2 Qc7 9. Qc2 Kh8 10. Be3 Be6 11. c4 Na6 12. a3 Qa5+ 13. Qd2 Qxd2+ 14. Kxd2 Rfd8 15. h3 Nc7 16. Kc2 b5 17. b3 a5 18. cxb5 cxb5 19. Kb2 b4 20. a4 Nd5 21. Bd2 Bf8 22. g4 g6 23. f4 f5 24. gxf5 gxf5 25. Bc4 Bg7 26. Kc2 Nf6 27. Be3 Rac8 28. Kd3 Ne4 29. Rac1 Nc5+ 30. Kc2 Nxa4 31. Kb1 Bxc4 32. Rxc4 Rxc4 0-1

[Event "Oberliga Ost-A 1415"]
[Site "Germany"]
[Date "2014.12.07"]
[Round "5.1"]
[White "Haessler, Wolfgang"]
[Black "Schuster, Martin"]
[Result "1/2-1/2"]
[WhiteElo "2268"]
[BlackElo "2255"]
[PlyCount "29"]
[EventDate "2014.09.21"]
[EventType "team-tourn"]
[EventRounds "11"]
[EventCountry "GER"]
[SourceTitle "EXT 2016"]
[Source "ChessBase"]
[SourceDate "2015.10.08"]
[SourceVersion "1"]
[SourceVersionDate "2015.10.08"]
[SourceQuality "1"]
[WhiteTeam "Aue Nickelhuette II"]
[BlackTeam "Loeberitz"]
[WhiteTeamCountry "GER"]
[BlackTeamCountry "GER"]

1. d4 Nf6 2. Bf4 d5 3. e3 c5 4. c3 Nc6 5. Nd2 Qb6 6. Qb3 e6 7. Ngf3 Bd7 8. Be2 Be7 9. 0-0 Rc8 10. Ne5 Nxe5 11. Bxe5 0-0 12. dxc5 Bxc5 13. Qxb6 Bxb6 14. a4 a6 15. Bd4 1/2-1/2

[Event "Oberliga Ost-A 1415"]
[Site "Germany"]
[Date "2014.10.19"]
[Round "3.2"]
[White "Schuster, Martin"]
[Black "Vogel, Roven"]
[Result "1/2-1/2"]
[WhiteElo "2255"]
[BlackElo "2279"]
[PlyCount "81"]
[EventDate "2014.09.21"]
[EventType "team-tourn"]
[EventRounds "11"]
[EventCountry "GER"]
[SourceTitle "EXT 2016"]
[Source "ChessBase"]
[SourceDate "2015.10.08"]
[SourceVersion "1"]
[SourceVersionDate "2015.10.08"]
[SourceQuality "1"]
[WhiteTeam "Loeberitz"]
[BlackTeam "Dresden USV TU II"]
[WhiteTeamCountry "GER"]
[BlackTeamCountry "GER"]

1. d4 Nf6 2. Nf3 g6 3. c4 Bg7 4. Nc3 0-0 5. e4 d6 6. h3 c5 7. d5 b5 8. cxb5 a6 9. b6 Nfd7 10. Bg5 Qxb6 11. Qc2 a5 12. Nd2 Re8 13. Nc4 Qb7 14. Be2 Nb6 15. Ne3 Na6 16. a3 Nc7 17. 0-0 Bd7 18. Rab1 a4 19. b4 cxb4 20. Rxb4 Na6 21. Bxa6 Rxa6 22. Ne2 Kf8 23. Qd3 Qa7 24. Rfb1 Ra8 25. Nc4 Nxc4 26. Qxc4 Rc8 27. Qd3 Qa8 28. Rb7 Ra7 29. Rxa7 Qxa7 30. Be3 Qc7 31. Rc1 Qa5 32. Rxc8+ Bxc8 33. Bd4 Bh6 34. Bc3 Qa6 35. Qd4 f6 36. Bd2 Qxe2 37. Bxh6+ Kf7 38. Qxa4 g5 39. Qa8 Qa6 40. Qxa6 Bxa6 41. f3 1/2-1/2

[Event "Hamburg St Pauli op-A"]
[Site "Hamburg"]
[Date "2014.07.24"]
[Round "6"]
[White "Bjarnehag, Peter"]
[Black "Schuster, Martin"]
[Result "1/2-1/2"]
[WhiteElo "2168"]
[BlackElo "2230"]
[PlyCount "52"]
[EventDate "2014.07.19"]
[EventType "swiss"]
[EventRounds "9"]
[EventCountry "GER"]
[SourceTitle "CBM 161 Extra"]
[Source "ChessBase"]
[SourceDate "2014.08.29"]
[SourceVersion "1"]
[SourceVersionDate "2014.08.29"]
[SourceQuality "1"]

1. d4 d5 2. Nf3 Nf6 3. c4 e6 4. g3 Be7 5. Bg2 0-0 6. 0-0 dxc4 7. Qc2 a6 8. a4 Bd7 9. Rd1 Bc6 10. Nc3 Bxf3 11. Bxf3 Nc6 12. Bxc6 bxc6 13. Bg5 Rb8 14. e3 a5 15. Bxf6 Bxf6 16. Rac1 Qe7 17. Ne4 Rb4 18. Nd2 c5 19. Nxc4 cxd4 20. Nxa5 d3 21. Qxc7 Qxc7 22. Rxc7 Rxa4 23. Nc6 Ra2 24. b4 d2 25. b5 Rb2 26. Rd7 Rxb5 1/2-1/2

[Event "Oberliga Ost-A 1314"]
[Site "Germany"]
[Date "2014.04.06"]
[Round "11.5"]
[White "Schuster, Martin"]
[Black "Zimmermann, Rene"]
[Result "1-0"]
[WhiteElo "2223"]
[BlackElo "2181"]
[PlyCount "67"]
[EventDate "2013.10.13"]
[EventType "team-tourn"]
[EventRounds "11"]
[EventCountry "GER"]
[SourceTitle "EXT 2015"]
[Source "ChessBase"]
[SourceDate "2014.11.20"]
[SourceVersion "1"]
[SourceVersionDate "2014.11.20"]
[SourceQuality "1"]
[WhiteTeam "Loeberitz"]
[BlackTeam "Dresden Gruen Weiss"]
[WhiteTeamCountry "GER"]
[BlackTeamCountry "GER"]

1. d4 d5 2. c4 e6 3. Nf3 c6 4. e3 Bd6 5. Nbd2 Nf6 6. b3 0-0 7. Bd3 Nbd7 8. Bb2 Qc7 9. 0-0 Re8 10. e4 e5 11. cxd5 cxd5 12. Rc1 Qd8 13. Qc2 h6 14. exd5 Nxd5 15. Bc4 N5b6 16. Rfe1 exd4 17. Bxd4 Nxc4 18. Rxe8+ Qxe8 19. Nxc4 Bb4 20. Ne3 Nf8 21. Nd5 Bd6 22. Bxg7 Qd8 23. Bb2 Bxh2+ 24. Nxh2 Qxd5 25. Qc3 f6 26. Qxf6 Qg5 27. Qh8+ Kf7 28. Nf3 Qf4 29. Ne5+ Ke8 30. Ng6 Qf7 31. Nxf8 Qxf8 32. Re1+ Kf7 33. Qf6+ Kg8 34. Qg6+ 1-0

[Event "Hastings Masters op 89th"]
[Site "Hastings"]
[Date "2013.12.31"]
[Round "4"]
[White "Othman, Mustapha"]
[Black "Schuster, Martin"]
[Result "0-1"]
[WhiteElo "1914"]
[BlackElo "2209"]
[PlyCount "146"]
[EventDate "2013.12.28"]
[EventType "swiss"]
[EventRounds "9"]
[EventCountry "ENG"]
[SourceTitle "CBM 158 Extra"]
[Source "ChessBase"]
[SourceDate "2014.02.28"]
[SourceVersion "1"]
[SourceVersionDate "2014.02.28"]
[SourceQuality "1"]

1. e4 c6 2. d4 d5 3. Nc3 dxe4 4. Nxe4 Bf5 5. Ng3 Bg6 6. h4 h6 7. Nf3 Nd7 8. h5 Bh7 9. Bc4 e6 10. Qe2 Ngf6 11. a4 Bd6 12. a5 Qc7 13. Nf1 0-0-0 14. Ne3 Nd5 15. Bxd5 exd5 16. g4 Rde8 17. Kd1 Nf6 18. Qf1 Ne4 19. Bd2 Bf4 20. Rh3 Re6 21. Ra3 Rhe8 22. Qg1 f6 23. Be1 Nd6 24. Bd2 Bxe3 25. fxe3 Nc4 26. Rb3 Nxa5 27. Ra3 Nc4 28. Rxa7 Kb8 29. Ra2 Nxe3+ 30. Kc1 Nc4 31. Qh2 Qxh2 32. Rxh2 Nxd2 33. Kxd2 Re4 34. Rg2 Rf4 35. Ra3 Ree4 36. Nh2 Rxd4+ 37. Kc1 Rfe4 38. b3 Re1+ 39. Kb2 Rde4 40. Ra1 R4e2 41. Nf3 Rxg2 42. Rxe1 Rxc2+ 43. Ka3 Be4 44. Nh4 Ka7 45. Kb4 Kb6 46. Ka3 c5 47. Ng6 Rg2 48. Nf4 Rxg4 49. Ne6 Rg3 50. Kb2 Kb5 51. Rc1 b6 52. Ka3 d4 53. Kb2 Bd5 54. Nf4 Rxb3+ 55. Ka1 Bf7 56. Ne2 Bxh5 57. Ka2 Kb4 58. Nf4 Bf7 59. Ka1 c4 60. Ka2 g5 61. Ne2 Ra3+ 62. Kb2 c3+ 63. Kc2 Bg6+ 64. Kd1 d3 65. Nxc3 Rxc3 66. Rb1+ Rb3 67. Rc1 Rb2 68. Rc6 Rc2 69. Rxb6+ Kc5 70. Rb1 Bh5+ 71. Ke1 d2+ 72. Kf2 d1Q+ 73. Kg3 Qg4# 0-1

[Event "Hastings Masters op 89th"]
[Site "Hastings"]
[Date "2013.12.29"]
[Round "2"]
[White "Schuster, Martin"]
[Black "Vakhidov, Jahongir"]
[Result "0-1"]
[WhiteElo "2209"]
[BlackElo "2452"]
[PlyCount "70"]
[EventDate "2013.12.28"]
[EventType "swiss"]
[EventRounds "9"]
[EventCountry "ENG"]
[SourceTitle "CBM 158 Extra"]
[Source "ChessBase"]
[SourceDate "2014.02.28"]
[SourceVersion "1"]
[SourceVersionDate "2014.02.28"]
[SourceQuality "1"]

1. e4 g6 2. d4 Bg7 3. Nc3 d6 4. f4 Nc6 5. Nf3 Bg4 6. Be3 Bxf3 7. gxf3 d5 8. Bb5 e6 9. Bxc6+ bxc6 10. Qe2 Qh4+ 11. Bf2 Qxf4 12. Bg3 Qg5 13. exd5 cxd5 14. Nb5 Kf8 15. Nxc7 Rd8 16. c3 Qe7 17. 0-0 e5 18. Bxe5 f6 19. Qa6 fxe5 20. Ne6+ Kf7 21. Nxd8+ Qxd8 22. Qxa7+ Ne7 23. dxe5 Bxe5 24. f4 Bc7 25. Kh1 Qd6 26. Rae1 Rb8 27. Qf2 Kg8 28. b4 Nf5 29. Re2 d4 30. cxd4 Rxb4 31. Rfe1 Rxd4 32. Re8+ Kf7 33. Qf3 Rxf4 34. Qb3+ Kg7 35. Rg8+ Kh6 0-1

[Event "Oberliga Ost-A 1314"]
[Site "Germany"]
[Date "2013.11.09"]
[Round "2.6"]
[White "Rausch, Stephan"]
[Black "Schuster, Martin"]
[Result "1-0"]
[WhiteElo "2294"]
[BlackElo "2223"]
[PlyCount "65"]
[EventDate "2013.10.13"]
[EventType "team-tourn"]
[EventRounds "11"]
[EventCountry "GER"]
[SourceTitle "EXT 2015"]
[Source "ChessBase"]
[SourceDate "2014.11.20"]
[SourceVersion "1"]
[SourceVersionDate "2014.11.20"]
[SourceQuality "1"]
[WhiteTeam "Leipzig SG II"]
[BlackTeam "Loeberitz"]
[WhiteTeamCountry "GER"]
[BlackTeamCountry "GER"]

1. d4 Nf6 2. c4 e6 3. Nc3 d5 4. cxd5 exd5 5. Bg5 Be7 6. Nf3 Nbd7 7. e3 c6 8. Bd3 0-0 9. 0-0 Re8 10. Qc2 Nf8 11. Ne5 Bd6 12. f4 Qb6 13. Rf3 Ne4 14. Bxe4 dxe4 15. Nxe4 Bf5 16. Nf6+ gxf6 17. Qxf5 Bxe5 18. fxe5 fxg5 19. Qxf7+ Kh8 20. Qf6+ Kg8 21. Qxg5+ Ng6 22. h4 Re7 23. h5 Rg7 24. Rg3 Rf8 25. b3 c5 26. hxg6 Rxg6 27. Qh4 cxd4 28. Rxg6+ Qxg6 29. Qxd4 Qf5 30. e4 Qf4 31. Rd1 h5 32. e6 Re8 33. Rf1 1-0

[Event "BL2-Nord 1213"]
[Site "Germany"]
[Date "2013.02.24"]
[Round "7.3"]
[White "Schuster, Martin"]
[Black "Rudolf, Henrik"]
[Result "0-1"]
[WhiteElo "2249"]
[BlackElo "2340"]
[PlyCount "68"]
[EventDate "2012.10.14"]
[EventType "team-tourn"]
[EventRounds "9"]
[EventCountry "GER"]
[SourceTitle "CBM 154 Extra"]
[Source "ChessBase"]
[SourceDate "2013.06.25"]
[SourceVersion "2"]
[SourceVersionDate "2013.06.25"]
[SourceQuality "1"]
[WhiteTeam "Loeberitz"]
[BlackTeam "Rostock SSC 07"]
[WhiteTeamCountry "GER"]
[BlackTeamCountry "GER"]

1. d4 Nf6 2. c4 g6 3. Nc3 Bg7 4. e4 d6 5. Nf3 0-0 6. h3 e5 7. d5 a5 8. Bg5 Qe8 9. g4 Nfd7 10. Rg1 Nc5 11. Be2 Nba6 12. a3 Bd7 13. Qc2 Kh8 14. Nd2 c6 15. 0-0-0 cxd5 16. exd5 f5 17. f3 Ba4 18. Nxa4 Nxa4 19. gxf5 gxf5 20. Be3 N6c5 21. Nb3 b6 22. Nxc5 Nxc5 23. Bd3 Qf7 24. Kb1 Rae8 25. Bxc5 bxc5 26. Rg5 e4 27. fxe4 fxe4 28. Bxe4 Rb8 29. Rf5 Qe8 30. Rxf8+ Qxf8 31. b4 Qf6 32. Ka2 axb4 33. axb4 cxb4 34. Kb3 Qh4 0-1

[Event "BL2-Nord 1213"]
[Site "Germany"]
[Date "2012.12.09"]
[Round "4.3"]
[White "Richter, Michael"]
[Black "Schuster, Martin"]
[Result "1-0"]
[WhiteElo "2460"]
[BlackElo "2249"]
[PlyCount "77"]
[EventDate "2012.10.14"]
[EventType "team-tourn"]
[EventRounds "9"]
[EventCountry "GER"]
[SourceTitle "CBM 154 Extra"]
[Source "ChessBase"]
[SourceDate "2013.06.25"]
[SourceVersion "2"]
[SourceVersionDate "2013.06.25"]
[SourceQuality "1"]
[WhiteTeam "Berlin Koenig Tegel"]
[BlackTeam "Loeberitz"]
[WhiteTeamCountry "GER"]
[BlackTeamCountry "GER"]

1. d4 d5 2. c4 e6 3. Nc3 Nf6 4. cxd5 exd5 5. Bg5 Be7 6. e3 c6 7. Bd3 Nbd7 8. Qc2 0-0 9. Nge2 Re8 10. 0-0 Nf8 11. f3 h6 12. Bh4 Ne6 13. Rad1 Qb6 14. Bf2 c5 15. dxc5 Bxc5 16. Na4 Qa5 17. a3 Bd7 18. Nxc5 Qxc5 19. Qd2 Qe7 20. Rc1 Nc5 21. Nd4 Nxd3 22. Qxd3 Rac8 23. Bh4 Rxc1 24. Rxc1 Qxe3+ 25. Qxe3 Rxe3 26. Bxf6 gxf6 27. Rc7 Rd3 28. Rxd7 Rxd4 29. Rxb7 a5 30. Rb5 a4 31. Rb4 Rxb4 32. axb4 Kf8 33. g4 Ke7 34. Kf2 Kd6 35. h4 Kc6 36. h5 Kb5 37. f4 Kxb4 38. g5 fxg5 39. fxg5 1-0

[Event "BL2-Nord 1213"]
[Site "Germany"]
[Date "2012.11.11"]
[Round "2.2"]
[White "Schuster, Martin"]
[Black "Glantz, Robert"]
[Result "1/2-1/2"]
[WhiteElo "2249"]
[BlackElo "2271"]
[PlyCount "105"]
[EventDate "2012.10.14"]
[EventType "team-tourn"]
[EventRounds "9"]
[EventCountry "GER"]
[SourceTitle "CBM 154 Extra"]
[Source "ChessBase"]
[SourceDate "2013.06.25"]
[SourceVersion "2"]
[SourceVersionDate "2013.06.25"]
[SourceQuality "1"]
[WhiteTeam "Loeberitz"]
[BlackTeam "Berlin Kreuzberg"]
[WhiteTeamCountry "GER"]
[BlackTeamCountry "GER"]

1. d4 Nf6 2. c4 e6 3. Nf3 b6 4. e3 Bb7 5. Nc3 d5 6. cxd5 Nxd5 7. Bb5+ c6 8. Bd3 g6 9. 0-0 Bg7 10. e4 Nxc3 11. bxc3 0-0 12. Bg5 Qc8 13. Qd2 Ba6 14. Bh6 Nd7 15. Bxg7 Kxg7 16. Rfe1 Rd8 17. Qe2 Bxd3 18. Qxd3 c5 19. Qe3 Qc7 20. Rad1 b5 21. d5 e5 22. d6 Qc6 23. g4 Re8 24. Rd5 Rad8 25. Red1 Qa6 26. g5 Qxa2 27. Qd3 Qa6 28. Rb1 Rb8 29. Qf1 Re6 30. Ra1 Qb6 31. Qh3 a5 32. Qg3 Rbe8 33. Nh4 a4 34. Qd3 Ra8 35. Nf5+ gxf5 36. exf5 e4 37. Qg3 Ree8 38. Qh3 Kg8 39. Qh6 Nf8 40. f6 Ne6 41. d7 Red8 42. Rad1 Ra7 43. Rd6 Qxd6 44. Rxd6 Rdxd7 45. Rb6 Rdb7 46. Rd6 Rb8 47. Rxe6 fxe6 48. g6 hxg6 49. Qxg6+ Kf8 50. Qh6+ Kg8 51. Qg6+ Kf8 52. Qh6+ Kg8 53. Qg6+ 1/2-1/2

[Event "Arber op 1st"]
[Site "Bayerisch Eisenstein"]
[Date "2012.08.26"]
[Round "9"]
[White "Lavrinenkov, Vadim"]
[Black "Schuster, Martin"]
[Result "0-1"]
[WhiteElo "1902"]
[BlackElo "2189"]
[PlyCount "134"]
[EventDate "2012.08.18"]
[EventType "swiss"]
[EventRounds "9"]
[EventCountry "GER"]
[SourceTitle "CBM 150 Extra"]
[Source "ChessBase"]
[SourceDate "2012.10.19"]
[SourceVersion "1"]
[SourceVersionDate "2012.10.19"]
[SourceQuality "1"]

1. d4 Nf6 2. Nf3 e6 3. e3 b6 4. Bd3 Bb7 5. 0-0 d5 6. b3 Bd6 7. Bb2 Nbd7 8. Nbd2 0-0 9. Ne5 c5 10. f4 Qc7 11. Nxd7 Qxd7 12. Nf3 cxd4 13. Bxd4 Ne4 14. Ne5 Qe7 15. Bxe4 dxe4 16. Rf2 Rfd8 17. Qg4 f6 18. Nc4 Bc7 19. a4 Rd5 20. Bb2 Rad8 21. h3 Ba6 22. Na3 Bd6 23. Nb5 Bxb5 24. axb5 Rxb5 25. Rd2 Rd5 26. Rxa7 h5 27. Rxe7 hxg4 28. Rxd5 exd5 29. Ra7 gxh3 30. gxh3 Rc8 31. c3 b5 32. Rb7 Rb8 33. Rxb8+ Bxb8 34. Ba3 Ba7 35. Kf2 Kf7 36. Bb4 Ke6 37. Bf8 g6 38. Bb4 Kf5 39. Bd6 Ke6 40. Bb4 Bb6 41. Ke2 Kf7 42. Kf2 Kg7 43. Ke2 Bd8 44. Bc5 Kh6 45. Kf2 Kh5 46. Kg2 Kh4 47. Bd4 Be7 48. b4 Bd8 49. Kh2 g5 50. fxg5 Kxg5 51. Kg2 Kh4 52. Kh2 f5 53. Kg2 Bg5 54. Kh2 f4 55. exf4 Bxf4+ 56. Kg2 Kg5 57. Kf1 Kf5 58. Bf2 e3 59. Be1 Ke4 60. Ke2 Be5 61. h4 Bf6 62. h5 Bg7 63. Kd1 Kd3 64. Kc1 e2 65. Kb2 Bh6 66. Kb3 Bd2 67. h6 Bxh6 0-1

[Event "Arber op 1st"]
[Site "Bayerisch Eisenstein"]
[Date "2012.08.25"]
[Round "8"]
[White "Schuster, Martin"]
[Black "Meertens, Martin"]
[Result "0-1"]
[WhiteElo "2189"]
[BlackElo "2113"]
[PlyCount "226"]
[EventDate "2012.08.18"]
[EventType "swiss"]
[EventRounds "9"]
[EventCountry "GER"]
[SourceTitle "CBM 150 Extra"]
[Source "ChessBase"]
[SourceDate "2012.10.19"]
[SourceVersion "1"]
[SourceVersionDate "2012.10.19"]
[SourceQuality "1"]

1. d4 Nf6 2. c4 g6 3. Nc3 Bg7 4. e4 d6 5. Nf3 0-0 6. h3 e5 7. d5 Na6 8. Bg5 h6 9. Be3 Nc5 10. Nd2 a5 11. g4 Kh7 12. Qc2 Bd7 13. Nb3 Na4 14. Nxa4 Bxa4 15. Bd3 c6 16. Rc1 Qd7 17. Qd2 cxd5 18. cxd5 Bb5 19. Qe2 Bxd3 20. Qxd3 Qa4 21. Rc4 Qxa2 22. 0-0 a4 23. Nd2 Rfc8 24. Rfc1 Rxc4 25. Nxc4 Rd8 26. f3 Bf8 27. Qa3 Qxa3 28. Nxa3 b5 29. Nxb5 Rb8 30. Nc3 Rxb2 31. Nxa4 Ra2 32. Nb6 Ra7 33. Rc6 Kg7 34. Nc8 Rd7 35. Nb6 Rb7 36. Nc4 Rd7 37. Bd2 Be7 38. Bb4 Ne8 39. Rc8 Kf8 40. Bd2 Bg5 41. Bb4 Be7 42. Kg2 f6 43. Bd2 g5 44. Bb4 Kf7 45. Rc6 Kg6 46. Nb6 Rb7 47. Nc8 Bf8 48. Bxd6 Rb2+ 49. Kf1 Bxd6 50. Nxd6 Rb1+ 51. Kf2 Rb2+ 52. Ke3 Nxd6 53. Rxd6 Rh2 54. Rd7 Rxh3 55. Re7 Rh1 56. Kd2 Ra1 57. Kc3 Ra3+ 58. Kc4 Rxf3 59. d6 Re3 60. Kd5 h5 61. gxh5+ Kxh5 62. Ke6 Rxe4 63. d7 Rd4 64. Re8 Kg4 65. d8Q Rxd8 66. Rxd8 e4 67. Kd5 f5 68. Ke5 e3 69. Rd1 f4 70. Rg1+ Kf3 71. Rxg5 e2 72. Rg1 Ke3 73. Ra1 f3 74. Ra3+ Kf2 75. Kf4 e1Q 76. Rxf3+ Kg2 77. Rd3 Qb4+ 78. Ke5 Kf2 79. Rd4 Qe7+ 80. Kd5 Qb7+ 81. Kc4 Ke3 82. Rd6 Qc7+ 83. Kd5 Kf4 84. Rf6+ Kg5 85. Rc6 Qb7 86. Kd6 Kf5 87. Rc5+ Ke4 88. Rc4+ Kd3 89. Rc7 Qg2 90. Kc5 Qe4 91. Rd7+ Kc3 92. Rd5 Qe6 93. Rd6 Qe5+ 94. Kc6 Kc4 95. Kd7 Kc5 96. Rc6+ Kd5 97. Rc7 Qf6 98. Ke8 Qe6+ 99. Kd8 Qb6 100. Kd7 Qe3 101. Kd8 Kd6 102. Rd7+ Kc6 103. Rc7+ Kb6 104. Re7 Qd4+ 105. Ke8 Kc6 106. Re6+ Kd5 107. Re7 Qh8+ 108. Kf7 Qh5+ 109. Kf6 Qh6+ 110. Kf7 Kd6 111. Re8 Qh7+ 112. Kf8 Kd7 113. Rd8+ Ke6 0-1